[Event "ROM-ch blitz"]
[Site "Bucharest"]
[Date "2022.03.13"]
[Round "1"]
[White "Pruszter, Rudolf"]
[Black "Toma, Radu Cristian"]
[Result "0-1"]
[WhiteElo "1475"]
[BlackElo "2179"]
[PlyCount "50"]
[EventDate "2022.03.13"]
[EventType "swiss (blitz)"]
[EventRounds "9"]
[EventCountry "ROU"]
[SourceTitle "EXT 2023"]
[Source "ChessBase"]
[SourceDate "2022.10.05"]
[SourceVersion "1"]
[SourceVersionDate "2022.10.05"]
[SourceQuality "1"]

1. e4 c5 2. Nf3 Nc6 3. d3 d5 4. Nbd2 g6 5. g3 Bg7 6. Bg2 Nf6 7. 0-0 0-0 8. Re1 d4 9. Qe2 e5 10. Nf1 h6 11. h4 Be6 12. N3h2 Qd7 13. f4 Ng4 14. Nxg4 Bxg4 15. Bf3 Be6 16. Nh2 exf4 17. Bxf4 Ne5 18. Bxe5 Bxe5 19. g4 Bg3 20. Rf1 Bxh4 21. Kg2 Qc7 22. e5 Rae8 23. Qe4 Bc8 24. Be2 Rxe5 25. Qf3 Re3 0-1

[Event "ROM-ch Rapid"]
[Site "Bucharest"]
[Date "2022.03.11"]
[Round "1"]
[White "Pruszter, Rudolf"]
[Black "Dragomirescu, Robin Alexandru"]
[Result "0-1"]
[WhiteElo "1650"]
[BlackElo "2337"]
[PlyCount "58"]
[EventDate "2022.03.11"]
[EventType "swiss (rapid)"]
[EventRounds "9"]
[EventCountry "ROU"]
[SourceTitle "CBM 207 Extra"]
[Source "ChessBase"]
[SourceDate "2022.05.31"]
[SourceVersion "1"]
[SourceVersionDate "2022.05.31"]
[SourceQuality "1"]

1. e4 c5 2. Nf3 Nc6 3. d3 g6 4. g3 Bg7 5. Bg2 e5 6. Nc3 Nge7 7. 0-0 0-0 8. Be3 Nd4 9. Qd2 d6 10. Bh6 f5 11. exf5 Nexf5 12. Bxg7 Kxg7 13. Nxd4 cxd4 14. Nd5 Be6 15. c4 dxc3 16. bxc3 Qa5 17. Ne3 Nd4 18. Qb2 Qxc3 19. Qxc3 Ne2+ 20. Kh1 Nxc3 21. Bxb7 Rab8 22. Ba6 Rb2 23. Kg2 d5 24. Nd1 Nxd1 25. Raxd1 Rxa2 26. Ra1 Rfxf2+ 27. Rxf2 Rxa1 28. Bb5 d4 29. Rc2 Ra2 0-1